The WTO and Developing Countries (Record no. 1715019)

MARC details
000 -LEADER
fixed length control field 00504nam a22001937a 4500
005 - DATE AND TIME OF LATEST TRANSACTION
control field 20260310110010.0
008 - FIXED-LENGTH DATA ELEMENTS--GENERAL INFORMATION
fixed length control field 260310b |||||||| |||| 00| 0 eng d
020 ## - INTERNATIONAL STANDARD BOOK NUMBER
International Standard Book Number 9788119122035
040 ## - CATALOGING SOURCE
Transcribing agency FLL
041 ## - LANGUAGE CODE
Source of code eng
Language code of text/sound track or separate title eng
084 ## - COLON CLASSIFICATION NUMBER
Classification number X:5.1 R3
100 ## - MAIN ENTRY--PERSONAL NAME
Personal name MANSOOR Sheikh Inam UL
245 ## - TITLE STATEMENT
Title The WTO and Developing Countries
Remainder of title A Quest for fairness
250 ## - EDITION STATEMENT
Edition statement 1st.
260 ## - PUBLICATION, DISTRIBUTION, ETC.
Place of publication, distribution, etc. New Delhi
Name of publisher, distributor, etc. Satyam
Date of publication, distribution, etc. 2023
300 ## - PHYSICAL DESCRIPTION
Extent xvii,357p
650 ## - SUBJECT ADDED ENTRY--TOPICAL TERM
Topical term or geographic name entry element Trade Law
942 ## - ADDED ENTRY ELEMENTS (KOHA)
Source of classification or shelving scheme Colon Classification (CC)
Koha item type Textbook
100 ## - MAIN ENTRY--PERSONAL NAME
-- 1131488
650 ## - SUBJECT ADDED ENTRY--TOPICAL TERM
-- 682717
999 ## -
-- 1715019
-- 1715019
Holdings
Withdrawn status Lost status Source of classification or shelving scheme Damaged status Not for loan Home library Current library Date acquired Source of acquisition Inventory number Total checkouts Full call number Barcode Date last seen Date last checked out Copy number Price effective from Koha item type
    Colon Classification (CC)     Faculty of Law Library Faculty of Law Library 2025-12-17 Satyam 1240, 17/12/2025 1 X:5.1 R3 LL1943079 2026-03-27 2026-03-12 1 2026-03-10 Textbook
Copyright @ Delhi University Library System